000 00304nam a2200109Ia 4500
008 200302s9999 xx 000 0 und d
100 _aH. Creighton & Others
245 _aHomes Seleted by the Editors of Progressive Architecture
260 _bReinhold Publishing Corporation
260 _c1949
300 _a190 P.,
999 _c8
_d8